000 00420nam a2200169Ia 4500
008 221030s9999 xx 000 0 und d
020 _a8189928605
041 _aEnglish
082 _a105.23
100 _aB. Ram
245 0 _aFundamentals of Microporcessors & Microcontrollers
_cby B. Ram
250 _a7th
260 _bDhanpat Rai & Co
_aNew Delhi
_c2011
300 _a13.14
650 _aBE Computer
942 _cBK
999 _c9349
_d9349